000 00592nam a2200193Ii 4500
003 JO-AjNU
008 230605s9999||||xx |||||||||||||| ||und||
040 _aJO-AjNU
_bara
_erda
_cJO-AjNU
041 _aara
050 1 4 _aBF318.S26 2003
100 3 _aسليم، مريم,
_eauthor
_961150
245 0 0 _aعلم نفس التعلم
264 3 1 _aبيروت: دار النهضة العربية، 2003
300 _a657ص
336 _atext
_btxt
_2rdacontent
337 _aunmediated
_bn
_2rdamedia
338 _avolume
_bnc
_2rdacarrier
650 4 _aالتعلم-جوانب نفسية
_961151
999 _aA27622
_c31190
_d31190